Sinema ve psikanaliz 2 (Record no. 10233)

MARC details
000 -BAŞLIK
Sabit Uzunlukta Kontrol Alanı 00864na a2200289 4500
001 - KONTROL NUMARASI
Denetim Alanı 12623
003 - KONTROL NUMARASI IDENTIFIER
Denetim Alanı MIRAKIL
005 - SON İŞLEM TARİHİ VE ZAMANI
Denetim Alanı 20181213155312.0
008 - SABİT-BOY VERİ ELEMANLARI - GENEL BİLGİLER
Sabit Uzunlukta Kontrol Alanı 160824b tu 000 0
020 ## - ULUSLARARASI STANDART KİTAP NUMARASI
Uluslararası Standart Kitap Numarası 9786053993797
035 ## - SİSTEM KONTROL NUMARASI
Sistem Kontrol Numarası 12623
040 ## - KATALOGLAMA KAYNAK
Orijinal Kataloglama Ajansı Milas
Kataloglama Dili tur
Metne Dönüştürmek Ajansı TR-AnCHP
082 ## - DEWEY ONLU SINIFLANDIRMA NUMARASI
Sınıflandırma Numarası 791.437
Ürün Numarası S45 2015
090 ## - SINIFLAMA NUMARASI
Sınıflama Numarası 791.437 S45 2015
245 ## - BAŞLIK TABLOSU
Başlık Sinema ve psikanaliz 2
Başlığın Kalan kayıp ve zaman
Sorumluluk Tablosu, Vb derleyen Özden Terbaş ; Yayına hazırlayan : Cem Tüzün
260 ## - YAYIN, DAĞITIM, VB
Yayın, Dağıtım, Vb Yeri İstanbul
Yayıncı, Dağıtıcı, Vs Adı İstanbul Bilgi Üniversitesi Yayınları
Yayın, Dağıtım, Vb Tarihi 2015
300 ## - FİZİKSEL TANIM
Kapsam xii, 145 s.
Boyutlar 23 sm.
490 ## - SERİSİ TABLOSU
Seri Beyanı Konferanslar
Hacim / Ardışık Tanımı 7
490 ## - SERİSİ TABLOSU
Seri Beyanı İstanbul Bilgi Üniversitesi yayınları
Hacim / Ardışık Tanımı 502
504 ## - KAYNAKÇA VB NOT
Kaynakça Vb Notu Dizin var.
650 ## - KONU KATMA GİRİŞ - TOPİKAL DÖNEM
Topikal Süreli Veya Coğrafi Ad Giriş Elemanı Zaman, Sanatta
650 ## - KONU KATMA GİRİŞ - TOPİKAL DÖNEM
Topikal Süreli Veya Coğrafi Ad Giriş Elemanı Filmler
Genel Alt Bölümü Psikoloji
650 ## - KONU KATMA GİRİŞ - TOPİKAL DÖNEM
Topikal Süreli Veya Coğrafi Ad Giriş Elemanı Psikanaliz ve sinema
650 ## - KONU KATMA GİRİŞ - TOPİKAL DÖNEM
Topikal Süreli Veya Coğrafi Ad Giriş Elemanı Sinema
700 ## - KATMA GİRİŞ - KİŞİSEL İSİM
Kişisel Ad Terbaş, Özden
942 ## - EKLENDİ GİRİŞ ELEMANLARI (KOHA)
Sınıflandırma Veya Raf Düzeni Kaynak Dewey Decimal Classification
Koha Öğesi Türü Books
999 ## - SİSTEM KONTROL NUMARALARI (KOHA)
Koha Biblionumber 10233
Koha Biblioitemnumber 10233
Holdings
Kalıcı Konum Mevcut Konum Edinme Tarihi Edinim Kaynak Toplam Check-Out'Lar Tam Çağrı Numarası Barkod Tarih Son Görülme İtibaren Geçerli Fiyatlar Koha Öğesi Türü
CHP Kütüphanesi CHP Kütüphanesi 07/29/2016 Bağış   791.437 S45 2015 000160 07/29/2016 07/29/2016 Books